|
|
|
|
| LEADER |
01225nam a22002657a 4500 |
| 001 |
40177 |
| 003 |
BD-DhAAL |
| 005 |
20221215154145.0 |
| 008 |
221215r19631937enk||||| |||| 001 0 eng d |
| 999 |
|
|
|c 45196
|d 45196
|
| 040 |
|
|
|a BD-DhAAL
|c BD-DhAAL
|
| 082 |
|
|
|a 909.82
|
| 100 |
|
|
|a Carr, Edward Hallett,
|9 52964
|
| 245 |
|
|
|a International relations between the two world wars (1919-1939) /
|c Edward Hallett Carr
|
| 260 |
|
|
|a London :
|b Macmillan,
|c 1963 [Reprinted]
|
| 300 |
|
|
|a viii, 302 pages :
|b maps. ;
|c 19 cm.
|
| 500 |
|
|
|a Originally published in 1941 as: International relations since the peace treaties.
|
| 505 |
|
|
|a Appendices:--1. The Monroe doctrine.--2. Wilson's fourteen points.--3. Extracts from the Covenant of the League of Nations.
|
| 541 |
|
|
|a Donated By Akbar Ali Khan
|e 40177
|
| 650 |
|
|
|a World politics.
|9 52965
|
| 650 |
|
|
|a World War, 1914-1918
|x Influence.
|9 52966
|
| 651 |
|
|
|a Europe
|x Politics and government
|y 1918-1945.
|9 52967
|
| 852 |
|
|
|a Ayesha Abed Library
|c Akbar Ali Khan Collection
|
| 942 |
|
|
|2 ddc
|c BK
|
| 952 |
|
|
|0 0
|1 0
|2 ddc
|4 0
|6 909_820000000000000_CAR
|7 1
|9 72510
|a BRACUL
|b BRACUL
|c AAKC
|d 2022-12-15
|e Donated by Akbar Ali Khan
|g 5726.03
|l 0
|o 909.82 CAR
|p 3010040177
|r 2022-12-15
|t 1
|v 5726.03
|w 2022-12-15
|y BK
|